=LDR 00000nam 2200000 4500 =001 INLIS000000000040213 =005 20130612145805 =008 ***********************************Eng** =035 ##$$0010-061300000040213 =041 ##$$a Eng =082 ##$$a 531.6 =090 ##$$a 531.6, Ene e =245 ##$$a Energy for rural development, renewable resources and alternative technologies for developing counties =260 ##$$a 1976 $b Washington DC =300 ##$$a xii, 306 hlm, ilus, 22 cm =650 ##$$a Energy =850 ##$$a NBPNMAT =990 ##$$a 0001/BPAP-NTB/2016